Suomen kaikki kaupungit asukasluvun mukaan - Statistics

Yleistilastot
  • Tätä visaa on pelattu 138 kertaa
  • Keskiarvotulos 75 / 108
Vastaustilastot
Hint Vastaus % Oikein
689 758 Helsinki
100%
323 910 Espoo
99%
216 066 Oulu
99%
260 646 Tampere
99%
252 724 Vantaa
99%
148 744 Jyväskylä
97%
125 462 Kuopio
97%
121 622 Lahti
97%
83 157 Pori
97%
206 655 Turku
97%
69 819 Vaasa
97%
19 332 Kemi
94%
65 670 Rovaniemi
94%
66 848 Seinäjoki
93%
78 398 Joensuu
91%
48 361 Kokkola
90%
72 909 Lappeenranta
90%
38 909 Rauma
90%
20 932 Tornio
90%
68 473 Hämeenlinna
89%
50 157 Kotka
89%
31 283 Savonlinna
89%
36 458 Kajaani
87%
78 094 Kouvola
87%
51 853 Porvoo
86%
19 305 Hamina
84%
36 486 Nokia
83%
50 794 Salo
83%
24 581 Imatra
81%
51 661 Mikkeli
81%
47 089 Hyvinkää
80%
20 330 Iisalmi
79%
46 942 Järvenpää
79%
20 312 Naantali
79%
25 846 Raisio
79%
38 535 Kerava
77%
19 668 Pietarsaari
77%
16 368 Forssa
74%
19 209 Jämsä
74%
14 784 Kuusamo
74%
45 686 Lohja
74%
11 898 Maarianhamina
74%
28 610 Riihimäki
74%
7 740 Hanko
73%
17 746 Heinola
73%
23 566 Raahe
73%
14 750 Uusikaupunki
73%
33 731 Ylöjärvi
73%
17 614 Äänekoski
70%
19 603 Varkaus
70%
15 066 Kauhava
69%
14 362 Loviisa
69%
36 631 Kaarina
67%
15 375 Ylivieska
67%
5 180 Ähtäri
66%
12 231 Kalajoki
66%
34 315 Kangasala
66%
6 131 Kristiinankaupunki
66%
15 248 Loimaa
66%
27 002 Raasepori
64%
23 444 Sastamala
64%
6 713 Ikaalinen
63%
14 016 Lapua
61%
7 462 Uusikaarlepyy
61%
8 391 Karkkila
60%
6 918 Kemijärvi
60%
9 438 Kitee
60%
17 243 Pieksamäki
60%
10 722 Alavus
59%
12 500 Kauhajoki
59%
10 200 Kauniainen
59%
19 474 Kurikka
59%
10 002 Lieksa
59%
16 402 Akaa
57%
1 278 Kaskinen
57%
20 694 Lieto
57%
8 924 Nurmes
57%
15 628 Orimattila
57%
20 859 Valkeakoski
57%
12 571 Kankaanpää
56%
7 338 Kiuruvesi
56%
8 492 Laitila
56%
8 860 Orivesi
56%
12 345 Ulvila
56%
9 065 Alajärvi
54%
6 347 Haapavesi
54%
7 413 Kuhmo
54%
5 787 Viitasaari
54%
6 482 Haapajärvi
53%
6 404 Outokumpu
53%
7 226 Pudasjärvi
53%
8 831 Saarijärvi
53%
9 088 Keuruu
51%
11 241 Paimio
51%
14 814 Parainen
51%
6 605 Harjavalta
50%
9 618 Huittinen
50%
6 662 Kokemäki
49%
9 559 Närpiö
49%
6 887 Oulainen
49%
6 092 Parkano
49%
8 423 Somero
49%
6 615 Suonenjoki
49%
6 165 Virrat
49%
4 639 Pyhäjärvi
47%
10 397 Nivala
46%
5 255 Kannus
41%
9 234 Mänttä-Vilppula
36%
Ehtoja vastaavia visoja ei löytynyt
Tulosjakauma
Jokaisen tuloksen saaneiden osuus
Persentiili vastausten määrän mukaan
Tuloshistoriasi
Et ole pelannut tätä visaa